| Tag |
First Indicator |
Second Indicator |
Subfields |
| LEADER |
00000cam a2200000 i 4500 |
| 001 |
in00005470121 |
| 008 |
230902m20239999caua 6 000 1 eng |
| 005 |
20240923172753.5 |
| 020 |
|
|
|a 9781779520944
|q (v. 1 ;
|q hardcover)
|
| 020 |
|
|
|a 1779520948
|q (v. 1 ;
|q hardcover)
|
| 020 |
|
|
|a 9781779524621
|q (v. 2 ;
|q hardcover)
|
| 020 |
|
|
|a 1779524625
|q (v. 2 ;
|q hardcover)
|
| 035 |
|
|
|a (OCoLC)on1396056946
|
| 035 |
|
|
|a (OCoLC)1396056946
|
| 040 |
|
|
|a IHG
|b eng
|e rda
|c IHG
|d OCLCO
|d IGA
|d IDO
|d OCLCF
|
| 090 |
|
|
|a PN6728.B36
|b V33 2023
|
| 100 |
1 |
|
|a V, Ram,
|e author.
|
| 245 |
1 |
0 |
|a Batman detective comics /
|c Ram V, Simon Spurrier, writers ; Rafael Albuquerque, Dani, artists ; Dave Stewart, colorist ; Ariana Maher, letterer ; Evan Cagle, collection cover artist.
|
| 246 |
3 |
0 |
|a Detective comics
|
| 264 |
|
1 |
|a Burbank, CA :
|b DC Comics,
|c [2023]
|
| 264 |
|
4 |
|c ©2023
|
| 300 |
|
|
|a volumes (unpaged) :
|b chiefly color illustrations ;
|c 27 cm
|
| 336 |
|
|
|a text
|b txt
|2 rdacontent
|
| 336 |
|
|
|a still image
|2 rdacontent
|
| 337 |
|
|
|a unmediated
|b n
|2 rdamedia
|
| 338 |
|
|
|a volume
|b nc
|2 rdacarrier
|
| 500 |
|
|
|a Description based on volume one.
|
| 500 |
|
|
|a "Batman created by Bob Kane with Bill Finger"
|
| 500 |
|
|
|a "Originally published in single magazine form in Batman: Detective Comics 1062-1065"--V.1.
|
| 520 |
|
|
|a "Something is terribly wrong with Batman. No matter the tests Bruce takes, nor the numbers he counts, the greatest detective in the world can't pin down the source of this creeping dread-of his own inner demons and a looming mortality. Meanwhile, real demons roam the shadows as an ancient melody haunts the Gotham night. Here now the curtains rise and as the eerie tune streams in...who is human, who is demon, who is to tell? As Batman investigates the songs and the demons of Gotham, he is forced to confront the oldest question...whether there has been a demon within him all along...and if so, what does it want...and why hasn't it taken over yet?"--
|c Provided by publisher.
|
| 505 |
1 |
0 |
|g . v. 1.
|t Gotham nocturne: overture --
|g v. 2.
|t Gotham nocturne: act I.
|
| 600 |
0 |
0 |
|a Batman
|c (Fictitious character)
|v Comic books, strips, etc.
|
| 650 |
|
0 |
|a Gotham City (Imaginary place)
|v Comic books, strips, etc.
|
| 600 |
0 |
7 |
|a Batman
|c (Fictitious character)
|2 fast
|0 (OCoLC)fst00828807
|
| 650 |
|
7 |
|a Gotham City (Imaginary place)
|2 fast
|0 (OCoLC)fst02029166
|
| 650 |
|
7 |
|a Superheroes.
|2 fast
|0 (OCoLC)fst01765254
|
| 655 |
|
7 |
|a Comics (Graphic works)
|2 fast
|0 (OCoLC)fst01921613
|
| 655 |
|
7 |
|a Detective and mystery comics.
|2 fast
|0 (OCoLC)fst01921565
|
| 655 |
|
7 |
|a Graphic novels.
|2 fast
|0 (OCoLC)fst01726630
|
| 655 |
|
7 |
|a Superhero comics.
|2 fast
|0 (OCoLC)fst01922562
|
| 655 |
|
7 |
|a Comics (Graphic works)
|2 lcgft
|
| 655 |
|
7 |
|a Detective and mystery comics.
|2 lcgft
|
| 655 |
|
7 |
|a Superhero comics.
|2 lcgft
|
| 655 |
|
7 |
|a Graphic novels.
|2 lcgft
|
| 700 |
1 |
|
|a Spurrier, Simon,
|e author.
|
| 700 |
1 |
|
|a Albuquerque, Rafael,
|d 1981-
|e artist.
|
| 700 |
0 |
|
|a Dani,
|d 1992-
|e artist.
|
| 700 |
1 |
|
|a Stewart, Dave,
|e colorist.
|
| 700 |
1 |
|
|a Maher, Ariana,
|e letterer.
|
| 700 |
1 |
|
|a Cagle, Evan
|c (Comics artist),
|e artist.
|
| 948 |
|
|
|h NO HOLDINGS IN TXA - 21 OTHER HOLDINGS
|
| 994 |
|
|
|a Z0
|b TXA
|
| 999 |
f |
f |
|s c76ffa89-d452-40c6-bc79-4c89b16c614a
|i 54dfb29e-765b-42ed-b8a6-c4a9a9798eeb
|t 0
|
| 952 |
f |
f |
|p normal
|a Texas A&M University
|b College Station
|c Sterling C. Evans Library
|s Evans stk
|d Evans: Library Stacks
|t 0
|e PN6728.B36 V33 2023
|h Library of Congress classification
|i unmediated -- volume
|k v.2
|m A14852206847
|
| 952 |
f |
f |
|p normal
|a Texas A&M University
|b College Station
|c Sterling C. Evans Library
|s Evans stk
|d Evans: Library Stacks
|t 0
|e PN6728.B36 V33 2023
|h Library of Congress classification
|i unmediated -- volume
|k v.1
|m A14852526418
|
| 998 |
f |
f |
|a PN6728.B36 V33 2023
|s v.1-2
|t 0
|l Evans: Library Stacks
|